Capitales intérieures - Statistiques

Statistiques générales
  • Ce quiz a été pris 128 fois
  • Le résultat moyen est 13 sur 24
Statistiques - réponses
Ville Etat % Correct
Lausanne Suisse
91%
Toronto Canada
90%
Sydney Australie
88%
Sacramento USA
88%
Frankfort USA
88%
Hanovre Allemagne
86%
Dubaï Emirats arabes unis
85%
Namur Belgique
75%
Sacramento Californie
75%
Kazan Russie
69%
Manaus Brésil
65%
Toronto Ontario
59%
Namur Wallonie
50%
Lausanne Canton de Vaud
41%
Denpasar Indonésie
41%
Dubaï Dubaï
39%
Merida Mexique
37%
Manaus Amazonie
36%
Denpasar Bali
26%
Sydney Nouvelle Galles du sud
25%
Hanovre Basse-Saxe
21%
Frankfort Kentucky
21%
Merida Yucatan
15%
Kazan Tatarstan
11%
Aucun quiz correspondant
Distribution des résultats
% des personnes avec chaque résultat
Percentile par nombre de réponses
Votre historique - résultats
Vous n’avez pas pris ce quiz